mxmtoon prom dress lyric quiz - Statistics

General Stats
  • This quiz has been taken 18 times
  • The average score is 259 of 387
Answer Stats
Hint Answer % Correct
crying
100%
dress
100%
here
100%
here?
100%
I
100%
in
100%
my
100%
My
100%
prom
100%
Prom
100%
sitting
100%
a
93%
be
93%
Chorus | Verse I'm
93%
Queen
93%
the
93%
was
93%
Was
93%
contest
86%
did
86%
I'd
86%
if
86%
to
86%
To
86%
do
79%
feel
79%
get
79%
all
71%
All
71%
And
71%
and
71%
are
71%
around
71%
down
71%
feelings
71%
is
71%
know
71%
need
71%
run
71%
How
64%
Make-up
64%
running
64%
But
57%
but
57%
expectations
57%
try
57%
fun
50%
guess
50%
like
50%
no
50%
that
50%
though
50%
alone
43%
couple
43%
didn't
43%
ever
43%
fact
43%
for
43%
gonna
43%
had
43%
help
43%
it
43%
It
43%
just
43%
maybe
43%
so
43%
them
43%
Thought
43%
thought
43%
wanna
43%
year
43%
ask
36%
by
36%
can't
36%
collections
36%
floor
36%
I've
36%
might
36%
myself
36%
of
36%
on
36%
sad
36%
seem
36%
what
36%
been
29%
break
29%
end
29%
fourth
29%
great
29%
keep
29%
kinda
29%
last
29%
many
29%
nearing
29%
Now
29%
out?
29%
revealing
29%
sound
29%
stop
29%
that's
29%
thing
29%
through
29%
usually
29%
want
29%
Affecting
21%
from
21%
handle
21%
huge
21%
inside
21%
lacking
21%
maps
21%
me
21%
miss
21%
mistake?
21%
others
21%
regrets
21%
small
21%
Some
21%
tears
21%
tend
21%
things
21%
too
21%
wall
21%
would
21%
confidence
14%
couldn't
14%
demeanor
14%
Everyone
14%
head
14%
hold
14%
hurt
14%
say
14%
upon
14%
misread
7%
often
7%
seemed
7%
ifs
0%
No matching quizzes found
Score Distribution
Percent of People with Each Score
Percentile by Number Answered
Your Score History
You have not taken this quiz